00586nam a22001577a 450000500170000001000150001702000300003203500140006203700130007608200120008924501600010126000630026127000610032430000280038570000150041320220726112325.0 aENG-133908 c275.00a978-93-81391-03-7 aEN-117440 bDBAD/PUB a520.954 aHistoricity of Vedic and Ramayan Eras:bScientific evidences from the depths of Oceans to the heights of skies/cedited by Saroj Bala and Kulbhushan Mishra aHyderabadbInstitute of Scientific Research on Vedasc2012 aH.No. 11-13-279, Road No.8, AlakapuribHyderabade500035 a74p.c21cm(pbk)bphotos aSaroj Bala